Responses for show #3301 - Monday, January 4, 1999

Contestants

Peggy Sheehan, a teacher from Arlington, Massachusetts

Robb Borland, an engineer from Gibsonburg, Ohio

Brian Gillespie, an actor originally from Bayonne, New Jersey (whose 2-day cash winnings total $17,500)

Jeopardy! Round responses

HOTELS BY CITY
(Alex: We'll give you the names of some hotels, you identify the city.)
EVEN-TOED UNGULATES
(Alex: Yeah.)
ON THE MOVE
NAME THAT BOARD GAME
CLOTHES MAKE THE LAND
SAYS YOU
    $100 11
San Francisco

Brian
    $100 21
camels

Brian
    $100 26
chariots

Brian
    $100 1
Monopoly

Brian
    $100 16
Hawaii

Brian
    $100 6
James Cagney

Peggy
    $200 12
Salt Lake City

Triple Stumper
    $200 22
(Peggy: What is an elephant?)

a giraffe

BrianPeggy
    $200 27
Nissan

Peggy
    $200 2
Checkers

Robb
    $200 17
Scotland

Brian
    $200 7
Jimmy Durante

Peggy
    $300 13
Atlanta

Robb
    $300 23
hippopotamus

Peggy
    $300 28
a ferry

Robb
    $300 3
Clue

Robb
    $300 18
Thailand

Robb
    $300 8
the bullet

Triple Stumper
    $400 14
Nashville

Peggy
    $400 24
buffalo (or bison)

Brian
    $600 29
JFK International Airport (in New York City)

Robb
    $400 4
Battleship

Peggy
    $400 19
[Brian gave both countries.]
(Alex: And it occurs to me as I re-read the clue that we were a bit ambiguous--we said in either of these, so we would have accepted just one.)

Kenya or Tanzania

Brian
    $400 9
Gertrude Stein

Triple Stumper
    $500 15
Philadelphia

Peggy
    $500 25
a warthog

Peggy
    $500 30
(Brian: What is helium?)
(Robb: What is hot air?)

hydrogen

BrianRobbPeggy
    $500 5
tiddlywinks

Peggy
    $500 20
Jordan

Robb
    $500 10
(Alex: Heraclitus was very sharp!)
(Robb: What are footprints?)
(Brian: What is a hole?)

river

BrianRobb
Triple Stumper

Scores at the first commercial break (after clue 15):

Brian Robb Peggy
-$300 $300 $2,100

Scores at the end of the Jeopardy! Round:

Brian Robb Peggy
$700 $1,500 $3,400

Double Jeopardy! Round responses

RICHARD NIXON
ACTORS & ACTRESSES
FUN WITH FUNGUS
(Alex: My youth revisited!)
FOREIGN HOLIDAY
THE PEACE OF WESTPHALIA
"STICK" WITH IT
    $200 7
the minimum voting age

Peggy
    $200 1
Elizabeth Taylor

Peggy
    $200 6
penicillin

Robb
    $200 16
Bastille Day

Brian
    $200 24
(Alex: About a minute to go, Robb. Select.)

Germany

Triple Stumper
    $200 21
chopsticks

Peggy
    $400 8
Tricia Nixon

Brian
    $400 2
Christine Lahti

Brian
    $400 12
spores

Robb
    $400 17
Ash Wednesday

Brian
    $400 25
Calvinism

Robb
    $400 22
sticky fingers

Brian
    $700 9
Warren Burger (or William Rehnquist)

Brian
    $1,000 3
Dirty Dancing

Brian
    $600 13
chlorophyll

Peggy
    $600 18
Labor Day

Peggy
    $600 26
Louis XIV

Peggy
    $600 23
a nightstick

Robb
    $800 10
a presidential pardon

Peggy
    $800 4
Christian Slater

Brian
    $800 14
rust

Brian
    $800 19
ANZAC (Australian and New Zealand Army Corps)

Triple Stumper
    $800 29
Holy Roman Empire

Triple Stumper
    $800 27
Candlestick Park

Peggy
    $1000 11
H.R. Haldeman

Triple Stumper
    $1000 5
Katharine Ross

Peggy
    $1000 15
(Alex: Not as good as Mad magazine, but that's okay!)

smut

Brian
    $1000 20
Panama

Robb
    $1000 30
(Robb: What is Belgium?

Switzerland

BrianRobb
    $1000 28
fiddlesticks

Triple Stumper

Scores at the end of the Double Jeopardy! Round:

Brian Robb Peggy
$7,800 $3,100 $8,400

[wagering suggestions for these scores]

Final Jeopardy! Round responses

CHILDREN'S LITERATURE
(Alex: Remember, we do not penalize for spelling in Final Jeopardy!)
RobbWho was Alice?
$0
BrianWho is Madaline?
$7,800
PeggyWho is Madeline?
$8,399
Madeline

Final scores:

Brian Robb Peggy
$15,600 $3,100 $16,799
2nd place: a trip to Radisson/SAS Hotel, Hamburg, Germany 3rd place: a $2,500 Versatel/Bank of America Visa check card New champion: $16,799

Game dynamics:

Coryat scores:

Brian Robb Peggy
$7,300 $2,900 $8,400
20 R
(including 2 DDs),
2 W
12 R
(including 1 DD),
3 W
19 R,
1 W

Combined Coryat: $18,600

The J! Archive is created by fans, for fans. The Jeopardy! game show and all elements thereof, including but not limited to copyright and trademark thereto, are the property of Jeopardy Productions, Inc. and are protected under law. This website is not affiliated with, sponsored by, or operated by Jeopardy Productions, Inc. Join the discussion at JBoard.tv.